50 most common Dutch words in English - Statistics

General Stats
  • This quiz has been taken 102 times
    91 since last reset
  • The average score is 37 of 50
Answer Stats
Dutch English % Correct
Ik I
99%
dat that
97%
is is
94%
een one
94%
wat what
93%
hebben have
91%
in in
91%
was was
91%
een a
90%
voor for
90%
hij he
90%
we we
90%
met with
90%
een an
88%
kan can
88%
van from
88%
zijn his
87%
de the
87%
u you
87%
zijn are
84%
doen do
84%
van of
82%
als as
81%
andere other
81%
uit out
81%
had had
79%
woord word
79%
en and
78%
op on
78%
zijn be
76%
maar but
76%
hoe how
74%
tijd time
74%
of or
72%
sommige some
72%
ze they
72%
vertellen tell
63%
deze this
63%
hun their
59%
waren were
56%
het it
54%
zal will
53%
die which
51%
bij at
50%
door by
50%
zei said
47%
elk each
46%
heet hot
44%
aan to
34%
indien if
28%
No matching quizzes found
Score Distribution
Percent of People with Each Score
Percentile by Number Answered
Your Score History
You have not taken this quiz since the last reset